[Event "19. Obert Int. Sant Marti 2017 - B"]
[Site "Barcelona ESP"]
[Date "2017.07.20"]
[Round "8.57"]
[White "Landsverk, Ida"]
[Black "Llombart Baiges, Jaime"]
[Result "0-1"]
[WhiteElo "1439"]
[BlackElo "1622"]
[PlyCount "108"]
[EventDate "2017.07.13"]
[EventType "swiss"]
[EventRounds "9"]
[EventCountry "ESP"]
[SourceTitle "Ajedrez en Madrid"]
[Source "lmi"]
[SourceDate "2017.07.13"]
[SourceVersion "1"]
[SourceVersionDate "2019.06.21"]
[SourceQuality "1"]

1. e4 c5 2. Nf3 d6 3. d4 cxd4 4. Nxd4 Nc6 5. Nc3 Nf6 6. Be3 g6 7. f3 Bg7 8. Qd2
O-O 9. O-O-O a6 10. g4 Nxd4 11. Bxd4 Be6 12. h4 h5 13. gxh5 Nxh5 14. Bxg7 Kxg7
15. Nd5 Rh8 16. Rg1 Bxd5 17. exd5 Qb6 18. Bd3 Qd4 19. Qg5 Qf4+ 20. Kb1 Qxg5 21.
Rxg5 Nf6 22. Re1 Rxh4 23. b3 Re8 24. c4 Rf4 25. Re3 Nd7 26. Kb2 Ne5 27. Be4 f5
28. Bc2 Rxf3 29. Re2 Kf6 30. Reg2 Rh8 31. Ka3 Rh5 32. Rxh5 gxh5 33. Rg8 Nxc4+
34. Kb4 Ne3 35. Bb1 Nxd5+ 36. Ka5 Rf2 37. Rb8 Nc3 38. Bd3 Rxa2+ 39. Kb6 Nd5+
40. Kxb7 f4 41. Bxa6 Rxa6 42. Kxa6 e5 43. b4 Nxb4+ 44. Rxb4 f3 45. Rb8 Kf5 46.
Rf8+ Ke4 47. Kb5 Ke3 48. Kc4 f2 49. Kd5 Ke2 50. Kxd6 f1=Q 51. Rxf1 Kxf1 52.
Kxe5 h4 53. Kf4 Kg2 54. Kg4 h3 0-1

[Event "19. Obert Int. Sant Marti 2017 - B"]
[Site "Barcelona ESP"]
[Date "2017.07.20"]
[Round "8.60"]
[White "Prokudin, Igor"]
[Black "Ferre Navarro, Joan"]
[Result "0-1"]
[WhiteElo "1371"]
[BlackElo "1587"]
[PlyCount "42"]
[EventDate "2017.07.13"]
[EventType "swiss"]
[EventRounds "9"]
[EventCountry "ESP"]
[SourceTitle "Ajedrez en Madrid"]
[Source "lmi"]
[SourceDate "2017.07.13"]
[SourceVersion "1"]
[SourceVersionDate "2019.06.21"]
[SourceQuality "1"]

1. e4 g6 2. d4 Bg7 3. Nc3 a6 4. Nf3 d6 5. Be3 Nd7 6. Qd2 b5 7. O-O-O Bb7 8. a3
Ngf6 9. Bd3 O-O 10. h3 c5 11. dxc5 dxc5 12. Bg5 b4 13. axb4 cxb4 14. Ne2 Qa5
15. Kb1 Nc5 16. Bxf6 exf6 17. Ng3 f5 18. exf5 Bd5 19. Qf4 Qa2+ 20. Kc1 Qxb2+
21. Kd2 Rfe8 0-1

[Event "19. Obert Int. Sant Marti 2017 - B"]
[Site "Barcelona ESP"]
[Date "2017.07.20"]
[Round "8.61"]
[White "Minko, Aleksandr"]
[Black "Gibert Juan, Ramon"]
[Result "0-1"]
[WhiteElo "1275"]
[BlackElo "1580"]
[PlyCount "100"]
[EventDate "2017.07.13"]
[EventType "swiss"]
[EventRounds "9"]
[EventCountry "ESP"]
[SourceTitle "Ajedrez en Madrid"]
[Source "lmi"]
[SourceDate "2017.07.13"]
[SourceVersion "1"]
[SourceVersionDate "2019.06.21"]
[SourceQuality "1"]

1. e4 e5 2. Nf3 Nc6 3. Nc3 Bc5 4. Nxe5 Bxf2+ 5. Kxf2 Nxe5 6. d4 Nc6 7. Bc4 Qf6+
8. Ke1 Qxd4 9. Qxd4 Nxd4 10. Bb3 Nxb3 11. axb3 Ne7 12. Bf4 d6 13. Nb5 Kd8 14.
Rxa7 Rxa7 15. Nxa7 Bd7 16. Rf1 Ng6 17. Be3 Re8 18. Kd2 Ke7 19. c4 c6 20. b4 Ne5
21. b3 Kf8 22. b5 Ng4 23. Bb6 Rxe4 24. Re1 Rxe1 25. Kxe1 Nxh2 26. Bc7 Ke7 27.
c5 Ng4 28. Bxd6+ Ke6 29. Ke2 Nf6 30. bxc6 bxc6 31. Bf8 g6 32. Kf3 h5 33. Bd6
Kd5 34. b4 Kc4 35. Be7 Nd5 36. Bd6 Nxb4 37. Ke4 Nd3 38. g3 Nxc5+ 39. Bxc5 Kxc5
40. Ke5 Be6 41. Kf6 Kb6 42. g4 hxg4 43. Nc8+ Bxc8 44. Kxf7 g3 45. Ke8 g2 46.
Kd8 Ba6 47. Kd7 g1=Q 48. Kd8 Qh2 49. Kd7 Bc4 50. Kc8 Qc7# 0-1

[Event "19. Obert Int. Sant Marti 2017 - B"]
[Site "Barcelona ESP"]
[Date "2017.07.20"]
[Round "8.63"]
[White "Arias Aranda, Guillem"]
[Black "Codina Blasco, Joan"]
[Result "0-1"]
[WhiteElo "1438"]
[BlackElo "1722"]
[PlyCount "44"]
[EventDate "2017.07.13"]
[EventType "swiss"]
[EventRounds "9"]
[EventCountry "ESP"]
[SourceTitle "Ajedrez en Madrid"]
[Source "lmi"]
[SourceDate "2017.07.13"]
[SourceVersion "1"]
[SourceVersionDate "2019.06.21"]
[SourceQuality "1"]

1. e4 e6 2. b3 Nf6 3. e5 Nd5 4. c4 Nb6 5. d4 c5 6. d5 exd5 7. cxd5 d6 8. e6
fxe6 9. dxe6 Bxe6 10. Qe2 Qe7 11. Nf3 Nc6 12. Ng5 Nd4 13. Qe4 O-O-O 14. Nxe6
Nxe6 15. Be2 Qf6 16. O-O d5 17. Qc2 Nd4 18. Bg4+ Kb8 19. Qd3 h5 20. Bd1 Bd6 21.
Bb2 Qf4 22. Bxd4 Qxh2# 0-1

[Event "19. Obert Int. Sant Marti 2017 - B"]
[Site "Barcelona ESP"]
[Date "2017.07.20"]
[Round "8.64"]
[White "Climent Vidal, Pere"]
[Black "Lobo Pereira, Arami"]
[Result "0-1"]
[WhiteElo "1530"]
[BlackElo "1206"]
[PlyCount "38"]
[EventDate "2017.07.13"]
[EventType "swiss"]
[EventRounds "9"]
[EventCountry "ESP"]
[SourceTitle "Ajedrez en Madrid"]
[Source "lmi"]
[SourceDate "2017.07.13"]
[SourceVersion "1"]
[SourceVersionDate "2019.06.21"]
[SourceQuality "1"]

1. d4 Nf6 2. Nc3 g6 3. e4 d5 4. e5 Ne4 5. Nxe4 dxe4 6. f3 exf3 7. Nxf3 Bg7 8.
Bc4 O-O 9. O-O Nc6 10. c3 Bf5 11. Ng5 e6 12. Bd2 Nxd4 13. g4 Bc2 14. Qc1 h6 15.
Nh3 a6 16. Nf2 Nf3+ 17. Kh1 Qxd2 18. Qxd2 Nxd2 19. Rfe1 Nxc4 0-1

[Event "19. Obert Int. Sant Marti 2017 - B"]
[Site "Barcelona ESP"]
[Date "2017.07.20"]
[Round "8.67"]
[White "Avila Lopez, Juan"]
[Black "Olleta Tanya, Jordi"]
[Result "0-1"]
[WhiteElo "1282"]
[BlackElo "1450"]
[PlyCount "118"]
[EventDate "2017.07.13"]
[EventType "swiss"]
[EventRounds "9"]
[EventCountry "ESP"]
[SourceTitle "Ajedrez en Madrid"]
[Source "lmi"]
[SourceDate "2017.07.13"]
[SourceVersion "1"]
[SourceVersionDate "2019.06.21"]
[SourceQuality "1"]

1. d4 e6 2. c4 d5 3. Nf3 c6 4. Bf4 Bd6 5. Bg3 Bxg3 6. fxg3 Nf6 7. e3 Ne4 8. Bd3
O-O 9. O-O Nd7 10. Nc3 Nxc3 11. bxc3 dxc4 12. Bxc4 Nb6 13. Bd3 Nd5 14. Qd2 h6
15. h4 Qd6 16. Kh2 Nf6 17. e4 Ng4+ 18. Kh3 e5 19. Rfc1 exd4 20. Nxd4 Ne5+ 21.
Kh2 Ng4+ 22. Kh3 Nf2+ 23. Kh2 Ng4+ 24. Kh3 Nf2+ 25. Kh2 Nxd3 26. Qxd3 c5 27. e5
Qd5 28. c4 Qxd4 29. Qxd4 cxd4 30. Re1 Bg4 31. Re4 h5 32. Rxd4 Rfd8 33. Re4 b6
34. a3 Rac8 35. Rc1 Rc5 36. Ree1 Be6 37. a4 Kh7 38. Re4 Rd3 39. Rf4 Ra3 40. Rd4
Rxa4 41. Rd8 Rxe5 42. Rcd1 Rxc4 43. Ra8 Rd5 44. Ra1 a5 45. Rb8 Rd6 46. Rb1 Rcc6
47. Ra1 Bf5 48. Rb7 Kg6 49. Re1 Be6 50. Rb1 Rd7 51. Rb8 Rdd6 52. Rb7 a4 53. Rb4
a3 54. Ra4 a2 55. Rba7 Rd1 56. R7a6 Rcc1 57. g4 a1=Q 58. Rxa1 Rxa1 59. Rxb6
hxg4 0-1

[Event "19. Obert Int. Sant Marti 2017 - B"]
[Site "Barcelona ESP"]
[Date "2017.07.20"]
[Round "8.69"]
[White "Bernat Mor, Juli"]
[Black "Ylla Soro, Rafael"]
[Result "0-1"]
[WhiteElo "1274"]
[BlackElo "1612"]
[PlyCount "154"]
[EventDate "2017.07.13"]
[EventType "swiss"]
[EventRounds "9"]
[EventCountry "ESP"]
[SourceTitle "Ajedrez en Madrid"]
[Source "lmi"]
[SourceDate "2017.07.13"]
[SourceVersion "1"]
[SourceVersionDate "2019.06.21"]
[SourceQuality "1"]

1. d4 f5 2. Nf3 Nf6 3. g3 e6 4. Bg2 Be7 5. c4 O-O 6. O-O c6 7. Nc3 Na6 8. a3
Nc7 9. b4 Ne4 10. Bb2 d5 11. c5 Qe8 12. Nxe4 fxe4 13. Ne5 Qh5 14. e3 Qg5 15.
Qg4 Qxg4 16. Nxg4 Bd7 17. Ne5 Be8 18. f4 exf3 19. Rxf3 Bh5 20. Rxf8+ Rxf8 21.
Rf1 Bg5 22. Rxf8+ Kxf8 23. Kf2 Ke7 24. h4 Bf6 25. Bf3 Be8 26. Ke2 h5 27. Kf2 g6
28. Ke2 Kf8 29. Bc1 Nb5 30. Bb2 Kg7 31. a4 Nc7 32. a5 Na6 33. Bc3 Nb8 34. Kf2
Na6 35. Ke2 Nc7 36. Kf2 Nb5 37. Bb2 Kh6 38. Ke2 g5 39. hxg5+ Bxg5 40. Kf2 Nc7
41. Ke2 Na6 42. Bc3 Nb8 43. Kf2 Bd8 44. Ke2 b6 45. axb6 axb6 46. cxb6 Bxb6 47.
Nd3 Nd7 48. Nc5 Nxc5 49. bxc5 Bc7 50. Kf2 Bg6 51. Kg2 Bd3 52. Kf2 Bd8 53. Bd2
Kg6 54. Bc3 Bg5 55. Bd2 h4 56. gxh4 Bxh4+ 57. Kg2 Bf5 58. Kf1 Bh3+ 59. Ke2 Kf5
60. Be1 Bg5 61. Bd2 Bg4 62. Be1 Bf6 63. Bxg4+ Kxg4 64. Bc3 Kf5 65. Kf3 e5 66.
dxe5 Bxe5 67. Bxe5 Kxe5 68. Ke2 d4 69. exd4+ Kxd4 70. Kd2 Kxc5 71. Kc3 Kd5 72.
Kc2 Kd4 73. Kd2 c5 74. Kc2 Kc4 75. Kc1 Kc3 76. Kd1 Kb2 77. Kd2 c4 0-1

[Event "19. Obert Int. Sant Marti 2017 - B"]
[Site "Barcelona ESP"]
[Date "2017.07.20"]
[Round "8.70"]
[White "Sanchez Rodriguez, Raul"]
[Black "Jimenez Rimblas, Raul"]
[Result "1/2-1/2"]
[WhiteElo "1228"]
[BlackElo "1437"]
[PlyCount "87"]
[EventDate "2017.07.13"]
[EventType "swiss"]
[EventRounds "9"]
[EventCountry "ESP"]
[SourceTitle "Ajedrez en Madrid"]
[Source "lmi"]
[SourceDate "2017.07.13"]
[SourceVersion "1"]
[SourceVersionDate "2019.06.21"]
[SourceQuality "1"]

1. e4 g6 2. Nf3 Bg7 3. d4 d6 4. Bf4 Nf6 5. Nc3 O-O 6. g3 Nbd7 7. Bg2 c5 8. dxc5
Nxc5 9. Nd2 b6 10. e5 dxe5 11. Bxa8 exf4 12. gxf4 Bg4 13. Bf3 Bxf3 14. Qxf3 Qc7
15. Rb1 Rd8 16. Nde4 Ncxe4 17. Nxe4 Qxc2 18. Nxf6+ Bxf6 19. O-O Qc7 20. Rbc1
Qb8 21. b3 e5 22. Qc6 Bg7 23. Qc7 exf4 24. Qxb8 Rxb8 25. Rc7 a5 26. Rfc1 h5 27.
Rc8+ Rxc8 28. Rxc8+ Kh7 29. Kg2 Kh6 30. Rb8 Bd4 31. f3 g5 32. Rd8 Be5 33. Rd5
f6 34. h3 Kg6 35. Rb5 Bd4 36. b4 axb4 37. Rxb4 Bc5 38. Re4 Kf5 39. Re8 g4 40.
fxg4+ hxg4 41. hxg4+ Kxg4 42. Rg8+ Kf5 43. Kf3 Be3 44. Re8 1/2-1/2

[Event "19. Obert Int. Sant Marti 2017 - B"]
[Site "Barcelona ESP"]
[Date "2017.07.20"]
[Round "8.71"]
[White "Hernandez Mediavilla, Juan Jose"]
[Black "Orts Gonzalez, Rafael"]
[Result "1-0"]
[WhiteElo "1312"]
[BlackElo "1026"]
[PlyCount "49"]
[EventDate "2017.07.13"]
[EventType "swiss"]
[EventRounds "9"]
[EventCountry "ESP"]
[SourceTitle "Ajedrez en Madrid"]
[Source "lmi"]
[SourceDate "2017.07.13"]
[SourceVersion "1"]
[SourceVersionDate "2019.06.21"]
[SourceQuality "1"]

1. d4 g6 2. c3 Bg7 3. Bf4 a5 4. a4 d6 5. Bg3 Bd7 6. e3 Nf6 7. h3 h5 8. Nf3 Nd5
9. Bc4 Be6 10. Nbd2 Bh6 11. Qe2 Nb6 12. Bd3 Rg8 13. h4 Bg4 14. Qf1 d5 15. Ne5
Ra7 16. Be2 Bf5 17. Bd3 Bxd3 18. Qxd3 Ra6 19. f4 Qc8 20. O-O Qe6 21. b3 f5 22.
Ndf3 N6d7 23. Qb5 c6 24. Qxb7 Rb6 25. Qc8# 1-0

[Event "19. Obert Int. Sant Marti 2017 - B"]
[Site "Barcelona ESP"]
[Date "2017.07.21"]
[Round "9.1"]
[White "Delgadillo Torrico, Felipe"]
[Black "Pena Mor, David"]
[Result "0-1"]
[WhiteElo "1943"]
[BlackElo "1764"]
[PlyCount "64"]
[EventDate "2017.07.13"]
[EventType "swiss"]
[EventRounds "9"]
[EventCountry "ESP"]
[SourceTitle "Ajedrez en Madrid"]
[Source "lmi"]
[SourceDate "2017.07.13"]
[SourceVersion "1"]
[SourceVersionDate "2019.06.21"]
[SourceQuality "1"]

1. d4 Nf6 2. Nf3 e6 3. Bf4 c5 4. e3 d5 5. c3 Nc6 6. Nbd2 Bd6 7. Ne5 Qc7 8. Ndf3
O-O 9. Bd3 Nd7 10. Nxd7 Bxd7 11. Bxd6 Qxd6 12. O-O h6 13. Bc2 e5 14. dxe5 Nxe5
15. Nxe5 Qxe5 16. Qd3 g6 17. e4 Bc6 18. exd5 Qxd5 19. Qg3 Qe6 20. Rfe1 Qf6 21.
Be4 Bxe4 22. Rxe4 Rfe8 23. Qe3 Qc6 24. Rxe8+ Rxe8 25. Qxh6 Re2 26. Rd1 Qf6 27.
f3 Rxb2 28. Qe3 b6 29. a4 Rc2 30. Qe8+ Kg7 31. Rd8 Rc1+ 32. Kf2 Qh4+ 0-1

[Event "19. Obert Int. Sant Marti 2017 - B"]
[Site "Barcelona ESP"]
[Date "2017.07.21"]
[Round "9.2"]
[White "Walter Travella, German"]
[Black "Samrat, Ghorai"]
[Result "0-1"]
[WhiteElo "1892"]
[BlackElo "1938"]
[PlyCount "62"]
[EventDate "2017.07.13"]
[EventType "swiss"]
[EventRounds "9"]
[EventCountry "ESP"]
[SourceTitle "Ajedrez en Madrid"]
[Source "lmi"]
[SourceDate "2017.07.13"]
[SourceVersion "1"]
[SourceVersionDate "2019.06.21"]
[SourceQuality "1"]

1. c4 e5 2. Nc3 Nc6 3. e4 g6 4. d3 Bg7 5. Be3 d6 6. g3 Nge7 7. Bg2 Be6 8. Nf3
h6 9. Qa4 O-O 10. O-O-O Nd4 11. Bxd4 exd4 12. Ne2 c5 13. Nf4 Bd7 14. Qc2 b5 15.
Nd2 Rb8 16. h4 Qa5 17. b3 Nc6 18. Qb2 a6 19. Bh3 Bxh3 20. Rxh3 Ne5 21. Qc2 h5
22. Nd5 bxc4 23. Nxc4 Nxc4 24. dxc4 Rfe8 25. f3 f5 26. exf5 d3 27. Rxd3 Re1+
28. Rd1 Rbe8 29. Rh1 R8e2 30. Rdxe1 Rxc2+ 31. Kxc2 Qxa2+ 0-1

[Event "19. Obert Int. Sant Marti 2017 - B"]
[Site "Barcelona ESP"]
[Date "2017.07.21"]
[Round "9.3"]
[White "Majumdar, Shankar"]
[Black "Bernat, Ernest"]
[Result "1-0"]
[WhiteElo "1934"]
[BlackElo "1889"]
[PlyCount "71"]
[EventDate "2017.07.13"]
[EventType "swiss"]
[EventRounds "9"]
[EventCountry "ESP"]
[SourceTitle "Ajedrez en Madrid"]
[Source "lmi"]
[SourceDate "2017.07.13"]
[SourceVersion "1"]
[SourceVersionDate "2019.06.21"]
[SourceQuality "1"]

1. d4 d5 2. Nf3 Bf5 3. Bf4 e6 4. e3 Nf6 5. c3 c6 6. Nbd2 h6 7. h3 Nbd7 8. Be2
Be7 9. O-O O-O 10. Ne5 Nxe5 11. Bxe5 Nd7 12. Bh2 c5 13. Nf3 c4 14. Nd2 b5 15.
Re1 Nb6 16. Bf3 Rc8 17. e4 dxe4 18. Nxe4 Nd5 19. Ng3 Bg6 20. Ne2 Bh7 21. Nf4
Nxf4 22. Bxf4 Bd6 23. Bxd6 Qxd6 24. Re5 Rb8 25. Qe2 Bd3 26. Qe3 b4 27. d5 bxc3
28. bxc3 exd5 29. Bxd5 Qa3 30. Qd4 Qb2 31. Rae1 Qxa2 32. Qxd3 cxd3 33. Bxa2 Rb2
34. Bd5 d2 35. Rd1 Rd8 36. c4 1-0

[Event "19. Obert Int. Sant Marti 2017 - B"]
[Site "Barcelona ESP"]
[Date "2017.07.21"]
[Round "9.4"]
[White "Viera Falcon, Cristo"]
[Black "Sarrate Presas, Jordi"]
[Result "1-0"]
[WhiteElo "1889"]
[BlackElo "1770"]
[PlyCount "133"]
[EventDate "2017.07.13"]
[EventType "swiss"]
[EventRounds "9"]
[EventCountry "ESP"]
[SourceTitle "Ajedrez en Madrid"]
[Source "lmi"]
[SourceDate "2017.07.13"]
[SourceVersion "1"]
[SourceVersionDate "2019.06.21"]
[SourceQuality "1"]

1. d4 c5 2. c3 d5 3. g3 e6 4. Bg2 Nf6 5. Nf3 Be7 6. dxc5 Bxc5 7. O-O O-O 8. b3
Nbd7 9. Bb2 b6 10. c4 Bb7 11. Ne5 Nxe5 12. Bxe5 Qe7 13. Nd2 Rfd8 14. e3 dxc4
15. Bxb7 Qxb7 16. Bxf6 gxf6 17. Qg4+ Kf8 18. Nxc4 Be7 19. Qh5 Kg8 20. Rac1 Rac8
21. Qg4+ Kh8 22. Qe2 b5 23. Nd2 Ba3 24. Rxc8 Rxc8 25. Qd3 a6 26. Ne4 Kg7 27.
Rd1 Qc6 28. g4 Qc2 29. Qd4 e5 30. Qd5 Qc6 31. Qxc6 Rxc6 32. Rd2 Kg6 33. Ng3 Bb4
34. Re2 a5 35. Kg2 a4 36. bxa4 bxa4 37. h4 a3 38. Kf3 Rc4 39. h5+ Kg7 40. Nf5+
Kf8 41. e4 Bc5 42. Rd2 Ke8 43. Ne3 Rb4 44. Nd5 Rb2 45. Nxf6+ Ke7 46. Nd5+ Ke6
47. Re2 f6 48. Rxb2 axb2 49. Nc3 Bd4 50. Nb1 Kd6 51. Ke2 Kc5 52. f3 Kc4 53. Kd2
Kb4 54. Kd3 Bc5 55. Kc2 Bd4 56. Nd2 Ka3 57. Kb1 Kb4 58. Nf1 Kc3 59. Ng3 Kd2 60.
a4 Bc3 61. h6 Ke3 62. Nh5 Kxf3 63. Nxf6 Kf4 64. Nd5+ Kxe4 65. Nxc3+ Kd4 66.
Kxb2 Kc4 67. g5 1-0

[Event "19. Obert Int. Sant Marti 2017 - B"]
[Site "Barcelona ESP"]
[Date "2017.07.21"]
[Round "9.5"]
[White "Del Valle, Clemence"]
[Black "Mota, Pankit"]
[Result "0-1"]
[WhiteElo "1759"]
[BlackElo "1859"]
[PlyCount "76"]
[EventDate "2017.07.13"]
[EventType "swiss"]
[EventRounds "9"]
[EventCountry "ESP"]
[SourceTitle "Ajedrez en Madrid"]
[Source "lmi"]
[SourceDate "2017.07.13"]
[SourceVersion "1"]
[SourceVersionDate "2019.06.21"]
[SourceQuality "1"]

1. e4 e6 2. d4 d5 3. Nc3 Bb4 4. e5 Qd7 5. a3 Bf8 6. f4 b6 7. Nf3 f6 8. Be2 Nh6
9. O-O c5 10. Kh1 Ba6 11. Bxa6 Nxa6 12. Qe2 Nc7 13. Nd1 c4 14. Ne3 f5 15. Ng5
g6 16. Bd2 Nb5 17. Bc3 Be7 18. g4 O-O-O 19. a4 Nxc3 20. bxc3 Bxg5 21. fxg5 Nf7
22. a5 b5 23. a6 Nxg5 24. Rfb1 Kc7 25. Rb4 Rb8 26. Qe1 f4 27. Nf1 Ne4 28. Qc1
g5 29. Qa3 Rb6 30. Rab1 Rhb8 31. R4b2 Qe8 32. Qa5 Kc8 33. Qa3 f3 34. Kg1 Qf7
35. h3 h5 36. gxh5 g4 37. hxg4 Qf4 38. Qe7 Qxg4+ 0-1

[Event "19. Obert Int. Sant Marti 2017 - B"]
[Site "Barcelona ESP"]
[Date "2017.07.21"]
[Round "9.7"]
[White "Espinosa Cebrian, Carlos"]
[Black "Aguilera Campana, Antonio"]
[Result "1-0"]
[WhiteElo "1921"]
[BlackElo "1674"]
[PlyCount "78"]
[EventDate "2017.07.13"]
[EventType "swiss"]
[EventRounds "9"]
[EventCountry "ESP"]
[SourceTitle "Ajedrez en Madrid"]
[Source "lmi"]
[SourceDate "2017.07.13"]
[SourceVersion "1"]
[SourceVersionDate "2019.06.21"]
[SourceQuality "1"]

1. d4 d5 2. Nf3 g6 3. Bf4 Bg7 4. e3 Nf6 5. h3 Nc6 6. Nc3 Bf5 7. g4 Be4 8. Nxe4
Nxe4 9. c4 e6 10. Bd3 O-O 11. O-O f5 12. gxf5 Rxf5 13. Bxe4 dxe4 14. Nd2 Qh4
15. Qg4 Qxg4+ 16. hxg4 Rf7 17. Bg3 b6 18. Nxe4 Raf8 19. Rac1 a6 20. a4 h6 21.
c5 b5 22. axb5 axb5 23. Nc3 Na7 24. Ra1 c6 25. Ra6 Rd7 26. Rfa1 Rff7 27. Bb8 b4
28. Ne4 Nb5 29. Rxc6 Nxd4 30. exd4 Bxd4 31. Rxe6 Bxb2 32. Rxg6+ Kh7 33. Raa6
Bg7 34. g5 h5 35. Rge6 Kg8 36. g6 Rf8 37. Bd6 Rc8 38. c6 Rdd8 39. Ra7 b3 1-0

[Event "19. Obert Int. Sant Marti 2017 - B"]
[Site "Barcelona ESP"]
[Date "2017.07.21"]
[Round "9.8"]
[White "Pera Muntasell, Marc"]
[Black "Atul, Kumar"]
[Result "0-1"]
[WhiteElo "1800"]
[BlackElo "1907"]
[PlyCount "80"]
[EventDate "2017.07.13"]
[EventType "swiss"]
[EventRounds "9"]
[EventCountry "ESP"]
[SourceTitle "Ajedrez en Madrid"]
[Source "lmi"]
[SourceDate "2017.07.13"]
[SourceVersion "1"]
[SourceVersionDate "2019.06.21"]
[SourceQuality "1"]

1. e4 g6 2. d4 Bg7 3. Nc3 d6 4. Nf3 Nf6 5. h3 c6 6. a4 O-O 7. Be3 Qc7 8. Bd3 e5
9. dxe5 dxe5 10. O-O Be6 11. Ng5 Re8 12. Qe2 Nbd7 13. Rfd1 a5 14. Nxe6 Rxe6 15.
Bc4 Rd6 16. Rd2 Rxd2 17. Qxd2 Bf8 18. Rd1 Nc5 19. f3 b6 20. Kh2 Be7 21. Qf2 Rd8
22. b3 Kg7 23. Rf1 Nh5 24. g3 g5 25. Ne2 h6 26. g4 Nf6 27. Ng3 Bf8 28. Nf5+ Kg8
29. h4 Ncxe4 30. Qg1 Nd2 31. Bxf7+ Kxf7 32. Rf2 e4+ 33. Kh1 Nxf3 34. Qf1 Nxg4
35. Qc4+ Rd5 36. Nxh6+ Bxh6 37. Rxf3+ exf3 38. Qxg4 Rd1+ 39. Bg1 Qf4 40. Qd7+
Rxd7 0-1

[Event "19. Obert Int. Sant Marti 2017 - B"]
[Site "Barcelona ESP"]
[Date "2017.07.21"]
[Round "9.9"]
[White "Romero Funieles, Rafael"]
[Black "Hinarejos Montano, Andres"]
[Result "1/2-1/2"]
[WhiteElo "1683"]
[BlackElo "1607"]
[PlyCount "124"]
[EventDate "2017.07.13"]
[EventType "swiss"]
[EventRounds "9"]
[EventCountry "ESP"]
[SourceTitle "Ajedrez en Madrid"]
[Source "lmi"]
[SourceDate "2017.07.13"]
[SourceVersion "1"]
[SourceVersionDate "2019.06.21"]
[SourceQuality "1"]

1. e4 e5 2. Nf3 d6 3. Bc4 Be7 4. d4 exd4 5. Qxd4 Nf6 6. e5 dxe5 7. Qxd8+ Bxd8
8. Nxe5 O-O 9. O-O Bf5 10. c3 Nbd7 11. Nf3 h6 12. h3 c6 13. Be3 Bc7 14. Nbd2 b5
15. Bb3 a5 16. a4 b4 17. cxb4 axb4 18. Nd4 Bd3 19. Rfe1 c5 20. Nb5 Be5 21. Bxc5
Bxb2 22. Bxf8 Bxa1 23. Bxb4 Bxb5 24. Rxa1 Bc6 25. a5 Nd5 26. Bxd5 Bxd5 27. Rc1
Rb8 28. Bd6 Ra8 29. Ra1 Ra6 30. Bf4 Nc5 31. Be3 Nb7 32. Bb6 f5 33. f3 Kf7 34.
Kf2 Ke6 35. Ke3 Nd6 36. Re1 Kd7 37. Kd4 Be6 38. Kc5 Nb7+ 39. Kb5 Ra8 40. a6
Nd6+ 41. Ka5 Nb7+ 42. Kb5 Nd6+ 43. Kb4 Rxa6 44. Bd4 Ne8 45. f4 Rc6 46. Nf3 Rc2
47. g3 g5 48. fxg5 hxg5 49. Nxg5 Rc4+ 50. Ka3 Nc7 51. Nxe6 Nxe6 52. Be5 Rc5 53.
Bf6 Rd5 54. Re3 f4 55. gxf4 Nxf4 56. Re7+ Kc6 57. h4 Rf5 58. Bg5 Kd5 59. Kb3
Ne6 60. Rd7+ Kc6 61. Ra7 Nxg5 62. hxg5 Rxg5 1/2-1/2

[Event "19. Obert Int. Sant Marti 2017 - B"]
[Site "Barcelona ESP"]
[Date "2017.07.21"]
[Round "9.10"]
[White "Siludakis, Hernan"]
[Black "Khudov, Oleksandr"]
[Result "0-1"]
[WhiteElo "1874"]
[BlackElo "1823"]
[PlyCount "68"]
[EventDate "2017.07.13"]
[EventType "swiss"]
[EventRounds "9"]
[EventCountry "ESP"]
[SourceTitle "Ajedrez en Madrid"]
[Source "lmi"]
[SourceDate "2017.07.13"]
[SourceVersion "1"]
[SourceVersionDate "2019.06.21"]
[SourceQuality "1"]

1. d4 d5 2. c4 dxc4 3. e3 Nf6 4. Bxc4 e6 5. Nf3 a6 6. a4 c5 7. O-O Nc6 8. Nc3
cxd4 9. exd4 Be7 10. Bg5 O-O 11. Rc1 Bd7 12. Ba2 Nb4 13. Bb1 Bc6 14. Ne5 Rc8
15. Ne2 h6 16. Bh4 Bd5 17. Rc3 Nc6 18. Bxf6 Bxf6 19. Qd3 Re8 20. Qh7+ Kf8 21.
f4 Ke7 22. Rg3 Rh8 23. Qd3 Qb6 24. Kh1 Qxb2 25. Nxc6+ Rxc6 26. f5 Bc4 27. Qe3
Qxe2 28. Qa3+ Rd6 29. Rgf3 Rhd8 30. fxe6 fxe6 31. Qb4 R8d7 32. Bf5 Qxf1+ 33.
Rxf1 Bxf1 34. Bxe6 Kxe6 0-1

[Event "19. Obert Int. Sant Marti 2017 - B"]
[Site "Barcelona ESP"]
[Date "2017.07.21"]
[Round "9.11"]
[White "Low, Kevin"]
[Black "Minos Constante, Pablo"]
[Result "1-0"]
[WhiteElo "1843"]
[BlackElo "1742"]
[PlyCount "103"]
[EventDate "2017.07.13"]
[EventType "swiss"]
[EventRounds "9"]
[EventCountry "ESP"]
[SourceTitle "Ajedrez en Madrid"]
[Source "lmi"]
[SourceDate "2017.07.13"]
[SourceVersion "1"]
[SourceVersionDate "2019.06.21"]
[SourceQuality "1"]

1. e4 c5 2. Nf3 Nc6 3. d4 cxd4 4. Nxd4 Nf6 5. Nc3 e5 6. Ndb5 d6 7. Bg5 a6 8.
Na3 b5 9. Nd5 Be7 10. Bxf6 Bxf6 11. c4 b4 12. Nc2 O-O 13. h4 Be6 14. g3 Rb8 15.
Bg2 a5 16. b3 g6 17. Nxf6+ Qxf6 18. Qxd6 Rbc8 19. Qd2 Rfd8 20. Qe2 Nd4 21. Nxd4
Rxd4 22. O-O h5 23. Rad1 Rcd8 24. Rxd4 Rxd4 25. Rd1 Qd8 26. Bf3 Qd6 27. Kg2 Kf8
28. Rxd4 Qxd4 29. Qc2 Qc5 30. Qd2 Ke7 31. Kf1 Qd6 32. Qe3 Kd7 33. Be2 Kc6 34.
f4 Qc5 35. Qd3 Qd6 36. f5 Qxd3 37. Bxd3 Bd7 38. Kf2 Kc5 39. Ke3 Kd6 40. Be2 Kc5
41. g4 hxg4 42. Bxg4 Be8 43. fxg6 fxg6 44. Be6 Kd6 45. Bd5 Kc5 46. Kf3 Kd4 47.
Kg4 Kc3 48. c5 Kb2 49. c6 Kxa2 50. Kg5 Bxc6 51. Bxc6 a4 52. Bxa4 1-0

[Event "19. Obert Int. Sant Marti 2017 - B"]
[Site "Barcelona ESP"]
[Date "2017.07.21"]
[Round "9.12"]
[White "Gil Gil, Antoni"]
[Black "Vives Cabau, Jordi"]
[Result "1-0"]
[WhiteElo "1823"]
[BlackElo "1930"]
[PlyCount "57"]
[EventDate "2017.07.13"]
[EventType "swiss"]
[EventRounds "9"]
[EventCountry "ESP"]
[SourceTitle "Ajedrez en Madrid"]
[Source "lmi"]
[SourceDate "2017.07.13"]
[SourceVersion "1"]
[SourceVersionDate "2019.06.21"]
[SourceQuality "1"]

1. e4 e5 2. Nc3 Nc6 3. f4 exf4 4. Nf3 g5 5. h4 g4 6. Ng5 h6 7. Nxf7 Kxf7 8.
Bc4+ Ke8 9. Qxg4 Qf6 10. Bxg8 Rxg8 11. Qxg8 Ne7 12. Qc4 f3 13. O-O b5 14. Nxb5
Qb6+ 15. d4 d5 16. Nxc7+ Kd7 17. Nxa8 dxc4 18. Nxb6+ axb6 19. Rxf3 Bg7 20. c3
Ke8 21. a4 Bg4 22. Rg3 h5 23. a5 bxa5 24. Rxa5 Kf7 25. Rc5 Ng6 26. Rc7+ Kg8 27.
Bg5 Bf8 28. Rxc4 Bd6 29. Rxg4 1-0